World class manufacturing : the next decade :
| Main Author: | |
|---|---|
| Format: | Book |
| Published: |
New York:
The Free Press,
1996.
|
| Subjects: |
| LEADER | 00545cam a2200169 7i4500 | ||
|---|---|---|---|
| 001 | 0000005160 | ||
| 005 | 19991025090000.0 | ||
| 002 | ##000006756 | ||
| 020 | 0 | 0 | |a 0-684-82303-9 |
| 090 | 0 | 0 | |a B 670.68 |b SCH |
| 100 | 1 | 0 | |a Schonberger |
| 245 | 1 | 0 | |a World class manufacturing : |b the next decade : |b the next decade : |b building power, strength and value. |
| 260 | 0 | 0 | |a New York: |b The Free Press, |c 1996. |
| 300 | 0 | 0 | |a 275 p.. |
| 650 | 0 | 0 | |a Manufacturing processes |
| 650 | 0 | 0 | |a Production management |
| 999 | |a 0000008164 |b Book |c Open shelf |e Business Information Centre | ||


